| 000 | 01833nkm a2200445 c 4500 | ||
|---|---|---|---|
| 700 |
_aДушков, Живодар Иванов _eавт.-състав. _9368890 |
||
| 999 |
_c209262 _d209262 |
||
| 003 | BLK | ||
| 005 | 20230804005144.0 | ||
| 008 | 180412b bul rap|r|||| r0| ||bulo| | ||
| 010 | _aKNG00103007000 | ||
| 020 | _a954-9548-36-8 | ||
| 040 | _aBLK | ||
| 041 |
_aBUL _cBUL |
||
| 072 | 7 |
_2bullib _aЯ _xАвтографи |
|
| 072 | 7 |
_2bullib _aК _xКраезнание |
|
| 080 |
_aИкономическо положение. Икономическа политика. Управление. Планиране. Производство. Услуги. Цени _b338 _x(497.2)(091)(084.12)(076) _z338(497.2)(091)(084.12)(076) |
||
| 139 |
_aДушков, Живодар Иванов _bД 94 |
||
| 245 | 1 | 0 |
_aСтопанска история на България _bИл. уч. помагало _cавт.-състав. Живодар Иванов Душков. |
| 257 | _aBGR | ||
| 260 |
_bРусенски унив. А. Кънчев _c2002 _fРусе : Авангард принт |
||
| 300 |
_a72 с. _bсъс сн., ил. _c22х22 см |
||
| 380 | _a3 | ||
| 500 | _aАвт. не е означен на кор. - Библиогр. под линия. - Офс. изд. | ||
| 650 | 4 |
_aСтопанство - България - история _9247403 |
|
| 651 | 4 |
_aБългария _9241624 |
|
| 653 | _aстопанска история | ||
| 653 | _aБългария | ||
| 653 | _aучебни помагала | ||
| 659 | _aК | ||
| 659 | _aЯ | ||
| 852 | _aЦб 302279 | ||
| 852 | _aК 338/Д 94 Ж | ||
| 856 | 4 |
_qpdf _u |
|
| 856 | 4 |
_qpdf _u |
|
| 942 |
_cGRA _n0 _s1 |
||
| 944 |
_aCR _c01.01.2002 _lCRON CRON _k |
||
| 944 |
_aED _c26.05.2014 _lф / |
||
| 999 | _d209262 | ||
| 999 | _d209262 | ||